header

Music in early Franciscan thought (Record no. 1084)

MARC details
000 -LEADER
fixed length control field 01246nam a2200325Ia 4500
082 04 - DEWEY DECIMAL CLASSIFICATION NUMBER
Classification number 781.71/2
100 1# - MAIN ENTRY--AUTHOR NAME
Personal name Loewen, Peter Victor.
245 10 - TITLE STATEMENT
Title Music in early Franciscan thought
260 ## - PUBLICATION, DISTRIBUTION, ETC. (IMPRINT)
Place of publication Boston :
Name of publisher Brill,
Year of publication 2013.
300 ## - PHYSICAL DESCRIPTION
Number of Pages 262 p.
490 0# - SERIES STATEMENT
Series statement The Medieval Franciscans ;
650 #0 - SUBJECT ADDED ENTRY--TOPICAL TERM
Topical Term Church music
Topical Term Franciscans
856 40 - ELECTRONIC LOCATION AND ACCESS
Uniform Resource Identifier http://site.ebrary.com/lib/rucke/Doc?id=10714557

No items available.

© 2026 Rongo University
Contact us: librarian | system librarian | Rongo university